00582nam a22002057a 450000500170000001000330001702000260005003500130007603500170008903700130010603700270011908200110014610000170015724500390017426000340021327000460024730000270029350000340032065000220035420180604145110.0 aENG-97847 B-424978-989 a9788120339323c250.00 aEN-81380 aB-424978-989 bDBAD/PUB bResearchco Book Centre a512.02 aSheth, I. H. aAbstract algebra /cby I. H. Sheth aNew DelhibPHI Learningc2009 aM-97, Connaught CircusbNew Delhie110006 axvii,373p.c24cm (pbk) aIncludes references and index aAlgebra, Abstract